| 000 | 01173nam a2200445 a 4500 | ||
|---|---|---|---|
| 001 | 33935 | ||
| 003 | AR-BaAGN | ||
| 005 | 20231116145701.0 | ||
| 007 | ta | ||
| 008 | 220625s1999 ag |||||r|||| ||||||spa d | ||
| 020 | _a950-23-0948-0 | ||
| 040 |
_bspa _eaacr _aAR-BaAGN |
||
| 100 | 1 | _aPagliai, Lucila | |
| 245 | 1 | 0 | _aBorges y la ciencia |
| 250 | _a1ª ed. | ||
| 260 |
_aBuenos Aires : _bEudeba, _cc1999. |
||
| 300 | _a152 páginas | ||
| 336 |
_2rdacontent _btxt |
||
| 337 |
_2rdamedia _bn |
||
| 338 |
_2rdacarrier _bnc |
||
| 490 | 0 |
_aColección CEA ; _v23 |
|
| 600 | 1 | 4 |
_aBorges, Jorge Luis, _d1899-1986 _9470 |
| 600 | 1 | 4 | _aMenard, Pierre |
| 700 | 1 | _aCerejido, Marcelino | |
| 700 | 1 | _aMizraji, Eduardo | |
| 700 | 1 | _aPerazzo, Roberto P. | |
| 700 | 1 | _aMoledo, Leonardo | |
| 700 | 1 | _aAlagia, Humberto | |
| 700 | 1 | _aBoido, Guillermo | |
| 700 | 1 | _aLevinas, Marcelo Leonardo | |
| 700 | 1 | _aBoveris, Alberto | |
| 700 | 1 | _aJofre, Oscar | |
| 700 | 1 | _aSlapak, Sara | |
| 700 | 1 | _aTöpf, José | |
| 700 | 1 | _aVucetich, Héctor | |
| 710 | 2 |
_aUniversidad de Buenos Aires _9255 |
|
| 942 |
_cLIBRO _n0 |
||
| 999 |
_c33935 _d33935 |
||